| 000 | 01593cam a22002174a 4500 | ||
|---|---|---|---|
| 005 | 20250605164130.0 | ||
| 008 | 250528s ||||||||||||||||||||||||d | ||
| 035 | _a18626 | ||
| 020 | _a6414747 | ||
| 040 |
_aGR-AtMCL _bgre _dGR-AtMCL _eAACR2 |
||
| 245 | 1 | _aGraphic Arts Procedures / Basic - Third Edition | |
| 250 | _a3rd | ||
| 260 |
_bAddison-Wesley Publishing Company, _c1965 |
||
| 300 | _a392 | ||
| 505 | 0 | _aHow to Understand Printing Processes, How to Know the Various Type Faces, How to Make Layouts, How to Set Type, How to Prepare Copy and Proofread, How to Lock Up and Impose Pages, How to Understand Letterpress Printing Plates, How to Do Offset-Lithographic Printing, How to Understand the Gravure and Photogelatin Processes, How to Do Letterpress Presswor, How to understand Paper, How to Understand Bindery Work, How the Graphic Arts Have Progressed, Choosing a Career in the Graphic Arts, How to Understand Graphic Arts Terms, Index. | |
| 520 | _aHow to Understand Printing Processes, How to Know the Various Type Faces, How to Make Layouts, How to Set Type, How to Prepare Copy and Proofread, How to Lock Up and Impose Pages, How to Understand Letterpress Printing Plates, How to Do Offset-Lithographic Printing, How to Understand the Gravure and Photogelatin Processes, How to Do Letterpress Presswor, How to understand Paper, How to Understand Bindery Work, How the Graphic Arts Have Progressed, Choosing a Career in the Graphic Arts, How to Understand Graphic Arts Terms, Index. | ||
| 700 | 1 |
_aKarch Randolph _94892 |
|
| 942 | _cBK | ||
| 999 |
_c3973 _d3973 |
||